Využitie open source BPM riešení
Praktické implikácie nasadenia open source BPM riešení a porovnanie ich výhod a nevýhod v porovnaní s platenými riešeniami.
Salvato in:
| Autore principale: | |
|---|---|
| Natura: | Capitolo di libro |
| Lingua: | slovacco |
| Soggetti: | |
| Tags: |
Nessun Tag, puoi essere il primo ad aggiungerne!!
|
MARC
| LEADER | 00000naa a2200000 4500 | ||
|---|---|---|---|
| 001 | 0165484 | ||
| 005 | 20240502072902.0 | ||
| 041 | 0 | |a slo | |
| 044 | |a SK | ||
| 245 | 1 | 0 | |a Využitie open source BPM riešení |c Ľubomír Janček |
| 520 | |a Praktické implikácie nasadenia open source BPM riešení a porovnanie ich výhod a nevýhod v porovnaní s platenými riešeniami. | ||
| 610 | 2 | 0 | |a optimalizácia |
| 610 | 2 | 0 | |a procesy podnikové |
| 610 | 2 | 0 | |a systémy informačné |
| 610 | 2 | 0 | |a automatizácia |
| 610 | 2 | 0 | |a systémy informačné manažérske |
| 100 | 1 | |a Janček, Ľubomír | |